| 000 | 00715nam a2200289Ia 4500 | ||
|---|---|---|---|
| 005 | 20260324134658.0 | ||
| 008 | 008 260324s9999 xx 000 0 eng d | ||
| 020 | _a9781315291451 | ||
| 037 | _aEBOOK | ||
| 040 | _aCRL | ||
| 040 | _beng | ||
| 040 | _cCRL | ||
| 041 | _2eng | ||
| 041 | _aeng | ||
| 084 | _qCRL | ||
| 100 |
_aPhillip G Clampitt; Robert J. DeKoch _91197738 |
||
| 245 | 0 | _aEmbracing Uncertainty: The Essence of Leadership | |
| 245 | 4 | _bThe Essence of Leadership | |
| 260 | _bTaylor and Francis | ||
| 260 | _c2001 | ||
| 365 | _a | ||
| 365 | _b350 | ||
| 856 | _uhttp://www.taylorfrancis.com/books/9781315291451 | ||
| 942 | _cEBOOK | ||
| 999 |
_c1798063 _d1798063 |
||